[Event "42. Open Villa de Benasque 2023"]
[Site "Benasque ESP"]
[Date "2023.07.05"]
[Round "1.1"]
[White "Martirosyan, Haik M."]
[Black "Viñal Gutiérrez, Pedro"]
[Result "1-0"]
[WhiteElo "2685"]
[BlackElo "1882"]
[PlyCount "41"]
[EventDate "2023.07.05"]
[EventType "swiss"]
[EventRounds "10"]
[EventCountry "ESP"]
[SourceTitle "AjedrezenMadrid"]
[Source "lmi"]
[SourceDate "2023.07.05"]
[SourceVersion "1"]
[SourceVersionDate "2023.07.09"]
[SourceQuality "1"]

1. d4 f5 2. Bg5 d6 3. e3 Nf6 4. Bxf6 exf6 5. c4 g6 6. Nc3 Bg7 7. h4 h5 8. Nge2
Be6 9. Nf4 Bf7 10. Bd3 Nc6 11. a3 O-O 12. Qc2 Ne7 13. O-O-O c6 14. f3 Bh6 15.
Nce2 Kh7 16. g4 fxg4 17. fxg4 hxg4 18. h5 f5 19. hxg6+ Bxg6 20. Rxh6+ Kxh6 21.
Rh1+ 1-0

[Event "42. Open Villa de Benasque 2023"]
[Site "Benasque ESP"]
[Date "2023.07.05"]
[Round "1.2"]
[White "Izquierdo Carbellido, Pablo"]
[Black "Bu, Xiangzhi"]
[Result "0-1"]
[WhiteElo "1880"]
[BlackElo "2676"]
[PlyCount "72"]
[EventDate "2023.07.05"]
[EventType "swiss"]
[EventRounds "10"]
[EventCountry "ESP"]
[SourceTitle "AjedrezenMadrid"]
[Source "lmi"]
[SourceDate "2023.07.05"]
[SourceVersion "1"]
[SourceVersionDate "2023.07.09"]
[SourceQuality "1"]

1. d4 Nf6 2. Nf3 e6 3. Bf4 b6 4. e3 Bb7 5. Bd3 g6 6. Nbd2 Bg7 7. c3 O-O 8. Qe2
d6 9. O-O a5 10. e4 Nbd7 11. h3 Nh5 12. Bh2 e5 13. dxe5 dxe5 14. Bc2 Qe7 15.
Rfe1 Rfe8 16. Nf1 Nc5 17. N3d2 Rad8 18. Nb3 Ba6 19. Qf3 Ne6 20. Rad1 Nhf4 21.
Bxf4 Nxf4 22. Nc1 h5 23. Nd3 Ne6 24. Bb3 Rd6 25. Bxe6 Qxe6 26. Nc1 Red8 27. Ne3
Bb7 28. Nd5 Bxd5 29. exd5 Rxd5 30. Rxd5 Qxd5 31. Qe3 Qd2 32. Qxd2 Rxd2 33. b3
e4 34. c4 Bd4 35. Ne2 Bc5 36. a4 Rb2 0-1

[Event "42. Open Villa de Benasque 2023"]
[Site "Benasque ESP"]
[Date "2023.07.05"]
[Round "1.3"]
[White "Alekseenko, Kirill"]
[Black "Iravedra Ainkov, Francisco"]
[Result "1-0"]
[WhiteElo "2674"]
[BlackElo "1875"]
[PlyCount "57"]
[EventDate "2023.07.05"]
[EventType "swiss"]
[EventRounds "10"]
[EventCountry "ESP"]
[SourceTitle "AjedrezenMadrid"]
[Source "lmi"]
[SourceDate "2023.07.05"]
[SourceVersion "1"]
[SourceVersionDate "2023.07.09"]
[SourceQuality "1"]

1. e4 d6 2. d4 Nf6 3. Nc3 e5 4. Nf3 Nbd7 5. h3 g6 6. dxe5 dxe5 7. Bc4 Bg7 8.
O-O O-O 9. a4 c6 10. b3 Qa5 11. Qe1 h6 12. Nh4 Nb6 13. b4 Qxb4 14. Bb3 Nc4 15.
Nxg6 Re8 16. a5 Be6 17. Ra4 Qd6 18. Nh4 b5 19. axb6 Nxb6 20. Ra6 Bc8 21. Ra1 a5
22. Qe3 Qd4 23. Qg3 Nxe4 24. Bxf7+ Kxf7 25. Qg6+ Kf8 26. Bxh6 Ra7 27. Nxe4 Re6
28. Bxg7+ Rxg7 29. Qxg7+ 1-0

[Event "42. Open Villa de Benasque 2023"]
[Site "Benasque ESP"]
[Date "2023.07.05"]
[Round "1.4"]
[White "Rodríguez González, Alex"]
[Black "Sadhwani, Raunak"]
[Result "0-1"]
[WhiteElo "1875"]
[BlackElo "2608"]
[PlyCount "48"]
[EventDate "2023.07.05"]
[EventType "swiss"]
[EventRounds "10"]
[EventCountry "ESP"]
[SourceTitle "AjedrezenMadrid"]
[Source "lmi"]
[SourceDate "2023.07.05"]
[SourceVersion "1"]
[SourceVersionDate "2023.07.09"]
[SourceQuality "1"]

1. Nc3 d5 2. d4 Nf6 3. Bf4 a6 4. Nf3 e6 5. a3 Nbd7 6. e3 c5 7. dxc5 Nxc5 8. Ne5
Bd6 9. b4 Nce4 10. Nxe4 Nxe4 11. f3 g5 12. Nxf7 Kxf7 13. Bxd6 Nxd6 14. Bd3 h5
15. O-O e5 16. f4 gxf4 17. exf4 e4 18. Be2 Nf5 19. Bxh5+ Kf8 20. g4 Qb6+ 21.
Kh1 Ne3 22. Qd2 Bxg4 23. Bxg4 Nxg4 24. h3 Rxh3+ 0-1

[Event "42. Open Villa de Benasque 2023"]
[Site "Benasque ESP"]
[Date "2023.07.05"]
[Round "1.5"]
[White "Hovhannisyan, Robert"]
[Black "Conde Chamizo, Pablo"]
[Result "1-0"]
[WhiteElo "2607"]
[BlackElo "1872"]
[PlyCount "51"]
[EventDate "2023.07.05"]
[EventType "swiss"]
[EventRounds "10"]
[EventCountry "ESP"]
[SourceTitle "AjedrezenMadrid"]
[Source "lmi"]
[SourceDate "2023.07.05"]
[SourceVersion "1"]
[SourceVersionDate "2023.07.09"]
[SourceQuality "1"]

1. e4 c5 2. Nf3 Nc6 3. Bb5 Nd4 4. Nxd4 cxd4 5. c3 a6 6. Be2 dxc3 7. Nxc3 e6 8.
d4 d5 9. e5 g6 10. h4 h5 11. Bg5 Qb6 12. a3 Bg7 13. Na4 Qa7 14. Rc1 Nh6 15. Rh3
Nf5 16. Nc5 b6 17. Nb3 Bd7 18. Rhc3 Rb8 19. Qd2 O-O 20. g4 hxg4 21. Bxg4 Rfc8
22. h5 Rxc3 23. Rxc3 Rc8 24. Rh3 gxh5 25. Bxf5 exf5 26. Bf6 1-0

[Event "42. Open Villa de Benasque 2023"]
[Site "Benasque ESP"]
[Date "2023.07.05"]
[Round "1.6"]
[White "Tornay, Aritz"]
[Black "Puranik, Abhimanyu"]
[Result "0-1"]
[WhiteElo "1871"]
[BlackElo "2605"]
[PlyCount "62"]
[EventDate "2023.07.05"]
[EventType "swiss"]
[EventRounds "10"]
[EventCountry "ESP"]
[SourceTitle "AjedrezenMadrid"]
[Source "lmi"]
[SourceDate "2023.07.05"]
[SourceVersion "1"]
[SourceVersionDate "2023.07.09"]
[SourceQuality "1"]

1. c4 Nf6 2. g3 e5 3. Bg2 c6 4. d4 Bb4+ 5. Bd2 Bxd2+ 6. Qxd2 e4 7. Nc3 d5 8.
cxd5 cxd5 9. Nh3 Bxh3 10. Bxh3 O-O 11. O-O Qe7 12. Rac1 Nc6 13. a3 Rad8 14. e3
g6 15. Na2 h5 16. Nb4 Rd6 17. Rc5 Nd8 18. Rfc1 Ne6 19. Bxe6 Qxe6 20. Kg2 h4 21.
Qe2 Kg7 22. R1c2 Rh8 23. Qb5 hxg3 24. fxg3 a5 25. Na2 Ng4 26. Kg1 Nxe3 27. Rf2
Ng4 28. Re2 Qf5 29. Rcc2 Rf6 30. Re1 Nxh2 31. Qe2 Nf3+ 0-1

[Event "42. Open Villa de Benasque 2023"]
[Site "Benasque ESP"]
[Date "2023.07.05"]
[Round "1.7"]
[White "Dardha, Daniel"]
[Black "Aguinaga Ruiz, Jesús Luis"]
[Result "1-0"]
[WhiteElo "2600"]
[BlackElo "1868"]
[PlyCount "35"]
[EventDate "2023.07.05"]
[EventType "swiss"]
[EventRounds "10"]
[EventCountry "ESP"]
[SourceTitle "AjedrezenMadrid"]
[Source "lmi"]
[SourceDate "2023.07.05"]
[SourceVersion "1"]
[SourceVersionDate "2023.07.09"]
[SourceQuality "1"]

1. e4 d5 2. exd5 Nf6 3. d4 Bg4 4. f3 Bf5 5. c4 e6 6. dxe6 Bxe6 7. Nc3 Nbd7 8.
Bd3 Bb4 9. Nge2 Qe7 10. O-O O-O-O 11. Qc2 Kb8 12. a3 Bxc3 13. Qxc3 g6 14. Re1
Nh5 15. d5 Bf5 16. Bxf5 gxf5 17. Ng3 Qh4 18. Nxf5 1-0

[Event "42. Open Villa de Benasque 2023"]
[Site "Benasque ESP"]
[Date "2023.07.05"]
[Round "1.8"]
[White "Fabregas, Oliver"]
[Black "Forcen Esteban, Daniel"]
[Result "0-1"]
[WhiteElo "1867"]
[BlackElo "2576"]
[PlyCount "62"]
[EventDate "2023.07.05"]
[EventType "swiss"]
[EventRounds "10"]
[EventCountry "ESP"]
[SourceTitle "AjedrezenMadrid"]
[Source "lmi"]
[SourceDate "2023.07.05"]
[SourceVersion "1"]
[SourceVersionDate "2023.07.09"]
[SourceQuality "1"]

1. e4 b6 2. d3 Bb7 3. Nf3 g6 4. g3 Bg7 5. Bg2 e5 6. O-O Ne7 7. c3 O-O 8. Qe2
Re8 9. Nbd2 d5 10. Rd1 Nd7 11. a3 a5 12. b4 axb4 13. cxb4 c5 14. Bb2 d4 15. Nc4
Ba6 16. b5 Bxb5 17. Nd6 Ba4 18. Nxe8 Bxd1 19. Qxd1 Qxe8 20. Qb3 Nc6 21. Bh3 Rb8
22. Ng5 Nf8 23. Rf1 Na5 24. Qc2 Qe7 25. Nf3 b5 26. Nd2 c4 27. Bc1 Ne6 28. f4
exf4 29. Bxe6 Qxe6 30. gxf4 Qg4+ 31. Kh1 Qe2 0-1

[Event "42. Open Villa de Benasque 2023"]
[Site "Benasque ESP"]
[Date "2023.07.05"]
[Round "1.9"]
[White "Cheng, Bobby"]
[Black "García Acin, Pablo"]
[Result "1-0"]
[WhiteElo "2572"]
[BlackElo "1863"]
[PlyCount "77"]
[EventDate "2023.07.05"]
[EventType "swiss"]
[EventRounds "10"]
[EventCountry "ESP"]
[SourceTitle "AjedrezenMadrid"]
[Source "lmi"]
[SourceDate "2023.07.05"]
[SourceVersion "1"]
[SourceVersionDate "2023.07.09"]
[SourceQuality "1"]

1. b3 d5 2. Bb2 e6 3. Nf3 Nf6 4. g3 c5 5. Bg2 Nc6 6. O-O Be7 7. e3 O-O 8. c4 b6
9. Nc3 Ba6 10. d3 Qc7 11. a3 Rfd8 12. Qc2 Rac8 13. Rac1 Ng4 14. Rfd1 dxc4 15.
bxc4 Nge5 16. Ne1 Bb7 17. f4 Ng4 18. Qe2 Nf6 19. g4 Na5 20. g5 Ne8 21. Nf3 Nd6
22. Rf1 Nb3 23. Rb1 Bxf3 24. Rxf3 Nf5 25. Rh3 g6 26. Qc2 Na5 27. Ne4 Qd7 28.
Qc3 f6 29. gxf6 Qxd3 30. f7+ Kxf7 31. Rxh7+ Ke8 32. Rh8+ Bf8 33. Rxf8+ Kxf8 34.
Qh8+ Ke7 35. Bf6+ Kd7 36. Qh7+ Ke8 37. Qg8+ Kd7 38. Qf7+ Kc6 39. Nc3+ 1-0

[Event "42. Open Villa de Benasque 2023"]
[Site "Benasque ESP"]
[Date "2023.07.05"]
[Round "1.10"]
[White "Alonso Abad, Enrique"]
[Black "Gopal, G.N.."]
[Result "0-1"]
[WhiteElo "1862"]
[BlackElo "2571"]
[PlyCount "62"]
[EventDate "2023.07.05"]
[EventType "swiss"]
[EventRounds "10"]
[EventCountry "ESP"]
[SourceTitle "AjedrezenMadrid"]
[Source "lmi"]
[SourceDate "2023.07.05"]
[SourceVersion "1"]
[SourceVersionDate "2023.07.09"]
[SourceQuality "1"]

1. e4 c5 2. Nf3 d6 3. Bb5+ Nd7 4. a4 Ngf6 5. Nc3 g6 6. e5 dxe5 7. Nxe5 Bg7 8.
O-O O-O 9. Nxd7 Bxd7 10. Bxd7 Qxd7 11. d3 Nd5 12. Nxd5 Qxd5 13. Qe2 e6 14. a5
Rfd8 15. Ra4 b5 16. Re4 a6 17. b3 Qc6 18. Bf4 Rd4 19. Re1 Rad8 20. Qf3 Rc8 21.
Bg5 Qc7 22. h4 Qxa5 23. h5 Rd5 24. hxg6 hxg6 25. b4 cxb4 26. Qe3 Rc6 27. Bh6
Bxh6 28. Qxh6 Rh5 29. Qf4 Qc7 30. Qf3 Qh2+ 31. Kf1 Rxc2 0-1

[Event "42. Open Villa de Benasque 2023"]
[Site "Benasque ESP"]
[Date "2023.07.06"]
[Round "2.1"]
[White "Meessen, Rudolf"]
[Black "Martirosyan, Haik M."]
[Result "0-1"]
[WhiteElo "2112"]
[BlackElo "2685"]
[PlyCount "60"]
[EventDate "2023.07.05"]
[EventType "swiss"]
[EventRounds "10"]
[EventCountry "ESP"]
[SourceTitle "AjedrezenMadrid"]
[Source "lmi"]
[SourceDate "2023.07.05"]
[SourceVersion "1"]
[SourceVersionDate "2023.07.09"]
[SourceQuality "1"]

1. d4 Nf6 2. Nc3 d5 3. Bf4 a6 4. e3 e6 5. g4 Bb4 6. Nge2 O-O 7. a3 Be7 8. g5
Nfd7 9. e4 Bxg5 10. Rg1 Bxf4 11. Nxf4 Qh4 12. Qf3 Nc6 13. O-O-O e5 14. exd5
Nxd4 15. Qe4 Qh6 16. Kb1 Nf6 17. Qg2 Bf5 18. Nd3 Bg4 19. Rc1 Nf3 20. Rh1 Nd2+
21. Ka1 Bf3 22. Qg1 e4 23. Bg2 Bxg2 24. Qxg2 exd3 25. f4 Qxf4 26. Rhg1 g6 27.
Rcd1 Nde4 28. Rdf1 Qh4 29. Nxe4 Nxe4 30. cxd3 Nd6 0-1

[Event "42. Open Villa de Benasque 2023"]
[Site "Benasque ESP"]
[Date "2023.07.06"]
[Round "2.2"]
[White "Bu, Xiangzhi"]
[Black "Ereza Vizcarra, Fernando"]
[Result "1-0"]
[WhiteElo "2676"]
[BlackElo "2118"]
[PlyCount "49"]
[EventDate "2023.07.05"]
[EventType "swiss"]
[EventRounds "10"]
[EventCountry "ESP"]
[SourceTitle "AjedrezenMadrid"]
[Source "lmi"]
[SourceDate "2023.07.05"]
[SourceVersion "1"]
[SourceVersionDate "2023.07.09"]
[SourceQuality "1"]

1. Nf3 d5 2. e3 Nf6 3. c4 e6 4. b3 c6 5. Bb2 Bd6 6. Nc3 Nbd7 7. Qc2 b6 8. cxd5
exd5 9. Ne2 c5 10. Ng3 g6 11. Bb5 O-O 12. Bc6 Rb8 13. Qc3 d4 14. exd4 Re8+ 15.
Kd1 cxd4 16. Qxd4 Bc5 17. Qc3 Re6 18. Bxd7 Bxd7 19. Re1 Rc6 20. Ne4 Be7 21. Qd4
Bg4 22. Rc1 Rxc1+ 23. Kxc1 Rc8+ 24. Kb1 Bxf3 25. Nxf6+ 1-0

[Event "42. Open Villa de Benasque 2023"]
[Site "Benasque ESP"]
[Date "2023.07.06"]
[Round "2.3"]
[White "Matta, Vinay Kumar"]
[Black "Alekseenko, Kirill"]
[Result "1/2-1/2"]
[WhiteElo "2111"]
[BlackElo "2674"]
[PlyCount "67"]
[EventDate "2023.07.05"]
[EventType "swiss"]
[EventRounds "10"]
[EventCountry "ESP"]
[SourceTitle "AjedrezenMadrid"]
[Source "lmi"]
[SourceDate "2023.07.05"]
[SourceVersion "1"]
[SourceVersionDate "2023.07.09"]
[SourceQuality "1"]

1. e4 c5 2. Nf3 Nc6 3. d4 cxd4 4. Nxd4 Nf6 5. Nc3 d6 6. Bg5 e6 7. Qd3 a6 8.
O-O-O Bd7 9. f4 Qc7 10. Bxf6 gxf6 11. Kb1 O-O-O 12. Be2 h5 13. Bf3 Be7 14. Qe2
h4 15. Bg4 Kb8 16. f5 Nxd4 17. Rxd4 Rc8 18. Rhd1 Rhd8 19. Qf3 Qb6 20. Qh3 d5
21. fxe6 fxe6 22. Nxd5 Qc5 23. c3 f5 24. Nxe7 Qxe7 25. exf5 exf5 26. Bxf5 Bxf5+
27. Qxf5 Rxd4 28. cxd4 Rg8 29. Qc2 Qg5 30. Rf1 Qd5 31. g3 hxg3 32. hxg3 Qxd4
33. Rd1 Qe3 34. Qd3 1/2-1/2

[Event "42. Open Villa de Benasque 2023"]
[Site "Benasque ESP"]
[Date "2023.07.06"]
[Round "2.4"]
[White "Sadhwani, Raunak"]
[Black "Akshit, Kumar J"]
[Result "1-0"]
[WhiteElo "2608"]
[BlackElo "2105"]
[PlyCount "79"]
[EventDate "2023.07.05"]
[EventType "swiss"]
[EventRounds "10"]
[EventCountry "ESP"]
[SourceTitle "AjedrezenMadrid"]
[Source "lmi"]
[SourceDate "2023.07.05"]
[SourceVersion "1"]
[SourceVersionDate "2023.07.09"]
[SourceQuality "1"]

1. d4 d5 2. c4 c6 3. Nf3 Nf6 4. e3 Bf5 5. Nc3 e6 6. Nh4 Be4 7. f3 Bg6 8. Qb3
Qc7 9. Bd2 Be7 10. O-O-O a6 11. c5 Nbd7 12. Na4 O-O 13. Be1 Rae8 14. g4 Qc8 15.
Nxg6 hxg6 16. h4 e5 17. Kb1 Bd8 18. Bh3 Bc7 19. Bb4 exd4 20. exd4 Re2 21. Bf1
Rh2 22. Bd3 Re8 23. Bd2 Nf8 24. Nc3 Ne6 25. Rxh2 Bxh2 26. Ne2 Qc7 27. Rh1 Bf4
28. Nxf4 Nxf4 29. Bc2 Ne2 30. Qd3 Qg3 31. h5 Nf4 32. Qb3 gxh5 33. gxh5 Qg2 34.
Rd1 N4xh5 35. Qxb7 Re6 36. Qxa6 Qxf3 37. Qc8+ Ne8 38. a4 Nf4 39. a5 g5 40. a6
1-0

[Event "42. Open Villa de Benasque 2023"]
[Site "Benasque ESP"]
[Date "2023.07.06"]
[Round "2.5"]
[White "Rodríguez Pereira, Enrique"]
[Black "Hovhannisyan, Robert"]
[Result "0-1"]
[WhiteElo "2110"]
[BlackElo "2607"]
[PlyCount "96"]
[EventDate "2023.07.05"]
[EventType "swiss"]
[EventRounds "10"]
[EventCountry "ESP"]
[SourceTitle "AjedrezenMadrid"]
[Source "lmi"]
[SourceDate "2023.07.05"]
[SourceVersion "1"]
[SourceVersionDate "2023.07.09"]
[SourceQuality "1"]

1. e4 e5 2. Nf3 Nc6 3. Bb5 a6 4. Bxc6 dxc6 5. O-O Qf6 6. d3 Ne7 7. Be3 Ng6 8.
Nbd2 Bd6 9. Qe2 c5 10. Nc4 Bg4 11. h3 Bxf3 12. Qxf3 Qxf3 13. gxf3 Be7 14. Rfd1
O-O 15. Kf1 b6 16. Ke2 Rae8 17. Rg1 f6 18. a4 Rf7 19. c3 f5 20. Rad1 Ra8 21.
Ra1 Re8 22. Rad1 Bh4 23. Rdf1 Re6 24. Rg2 Nf4+ 25. Bxf4 exf4 26. Rh2 fxe4 27.
fxe4 f3+ 28. Kd2 Bg5+ 29. Kc2 b5 30. axb5 axb5 31. Ne3 c4 32. dxc4 Bf4 33. Rhh1
Bxe3 34. fxe3 bxc4 35. Rh2 Rxe4 36. Re1 f2 37. Rf1 Rxe3 38. Rhxf2 Rxf2+ 39.
Rxf2 Rxh3 40. Rf4 Rh2+ 41. Kc1 h5 42. Rxc4 h4 43. Kd1 h3 44. Rh4 g5 45. Rh5 g4
46. Ke1 Rxb2 47. Rg5+ Kf7 48. Rxg4 h2 0-1

[Event "42. Open Villa de Benasque 2023"]
[Site "Benasque ESP"]
[Date "2023.07.06"]
[Round "2.6"]
[White "Puranik, Abhimanyu"]
[Black "Lamas Mercadal, Manuel"]
[Result "1-0"]
[WhiteElo "2605"]
[BlackElo "2098"]
[PlyCount "79"]
[EventDate "2023.07.05"]
[EventType "swiss"]
[EventRounds "10"]
[EventCountry "ESP"]
[SourceTitle "AjedrezenMadrid"]
[Source "lmi"]
[SourceDate "2023.07.05"]
[SourceVersion "1"]
[SourceVersionDate "2023.07.09"]
[SourceQuality "1"]

1. e4 c5 2. Nf3 Nc6 3. Bb5 Nf6 4. e5 Ng4 5. Bxc6 dxc6 6. h3 Nh6 7. O-O g6 8. d3
Bg7 9. Nc3 O-O 10. Re1 Nf5 11. Ne4 b6 12. c3 Ba6 13. g4 Nh6 14. d4 cxd4 15.
cxd4 f5 16. exf6 exf6 17. Qb3+ Qd5 18. Qxd5+ cxd5 19. Nc3 Rad8 20. a4 Nf7 21.
Re7 Ng5 22. Nxg5 fxg5 23. Be3 Rf7 24. Rxf7 Kxf7 25. Bxg5 Rc8 26. a5 Bc4 27.
axb6 axb6 28. Ra7+ Kg8 29. Be3 Rd8 30. Rb7 Rd6 31. Na4 b5 32. Nc3 Ra6 33. Nxb5
Ra1+ 34. Kg2 Bf1+ 35. Kg3 h6 36. Nc7 Bd3 37. Ne6 Bf6 38. Nf4 Be4 39. f3 Bc2 40.
Nxd5 1-0

[Event "42. Open Villa de Benasque 2023"]
[Site "Benasque ESP"]
[Date "2023.07.06"]
[Round "2.7"]
[White "Nieves Cabanes, Javier"]
[Black "Dardha, Daniel"]
[Result "0-1"]
[WhiteElo "2105"]
[BlackElo "2600"]
[PlyCount "86"]
[EventDate "2023.07.05"]
[EventType "swiss"]
[EventRounds "10"]
[EventCountry "ESP"]
[SourceTitle "AjedrezenMadrid"]
[Source "lmi"]
[SourceDate "2023.07.05"]
[SourceVersion "1"]
[SourceVersionDate "2023.07.09"]
[SourceQuality "1"]

1. Nf3 d5 2. e3 c5 3. b3 Nc6 4. Bb5 f6 5. O-O e5 6. Nc3 Nge7 7. d4 cxd4 8. exd4
e4 9. Ne1 a6 10. Bxc6+ bxc6 11. f3 exf3 12. Qxf3 Ng6 13. Na4 Bd6 14. Nd3 O-O
15. c3 Re8 16. Bd2 Re4 17. g3 Bg4 18. Qg2 Be2 19. Nac5 Bxf1 20. Rxf1 Bxc5 21.
Nxc5 Re7 22. h4 Nf8 23. g4 Qe8 24. Rf2 Ne6 25. Nd3 h6 26. Qf3 Qg6 27. Nb4 Qe8
28. Qf5 a5 29. Nd3 Qd7 30. Qg6 Nf8 31. Qh5 Re4 32. Rg2 g6 33. Qxh6 Rxg4 34. Nf2
Rxg2+ 35. Kxg2 Qf5 36. Bf4 Ne6 37. Bg3 Re8 38. Qd2 Ng7 39. b4 axb4 40. cxb4 Qh5
41. a4 Nf5 42. b5 Re3 43. Bf4 Qf3+ 0-1

[Event "42. Open Villa de Benasque 2023"]
[Site "Benasque ESP"]
[Date "2023.07.06"]
[Round "2.8"]
[White "Forcen Esteban, Daniel"]
[Black "García Sancho, Josep"]
[Result "1-0"]
[WhiteElo "2576"]
[BlackElo "2085"]
[PlyCount "43"]
[EventDate "2023.07.05"]
[EventType "swiss"]
[EventRounds "10"]
[EventCountry "ESP"]
[SourceTitle "AjedrezenMadrid"]
[Source "lmi"]
[SourceDate "2023.07.05"]
[SourceVersion "1"]
[SourceVersionDate "2023.07.09"]
[SourceQuality "1"]

1. g3 d5 2. Nf3 Nc6 3. d4 Bf5 4. Bg2 Nf6 5. O-O h5 6. c4 e6 7. Nc3 Ne4 8. cxd5
exd5 9. Nd2 Nf6 10. Nb3 Qd7 11. Nxd5 Nxd5 12. e4 Bh3 13. Bxh3 Qxh3 14. exd5 Ne7
15. Nc5 h4 16. Qa4+ Kd8 17. Nxb7+ Kc8 18. Nc5 Kd8 19. Bf4 Nxd5 20. Qc6 Nxf4 21.
Qxa8+ Ke7 22. gxf4 1-0

[Event "42. Open Villa de Benasque 2023"]
[Site "Benasque ESP"]
[Date "2023.07.06"]
[Round "2.9"]
[White "Campora Pérez, Daniel"]
[Black "Cheng, Bobby"]
[Result "0-1"]
[WhiteElo "2100"]
[BlackElo "2572"]
[PlyCount "48"]
[EventDate "2023.07.05"]
[EventType "swiss"]
[EventRounds "10"]
[EventCountry "ESP"]
[SourceTitle "AjedrezenMadrid"]
[Source "lmi"]
[SourceDate "2023.07.05"]
[SourceVersion "1"]
[SourceVersionDate "2023.07.09"]
[SourceQuality "1"]

1. e4 g6 2. d4 Bg7 3. Nf3 d6 4. Bc4 e6 5. O-O Nd7 6. Bg5 Ne7 7. Nbd2 h6 8. Bxe7
Qxe7 9. c3 g5 10. h3 h5 11. Nh2 e5 12. Qe2 exd4 13. f4 dxc3 14. bxc3 g4 15.
hxg4 hxg4 16. g3 Bxc3 17. Rac1 Bd4+ 18. Kg2 Nc5 19. Nb3 Nxb3 20. Bxb3 c5 21.
Rb1 b6 22. Bd5 Bb7 23. Qb5+ Kf8 24. Rfe1 f5 0-1

[Event "42. Open Villa de Benasque 2023"]
[Site "Benasque ESP"]
[Date "2023.07.06"]
[Round "2.10"]
[White "Gopal, G.N.."]
[Black "Robledo Sánchez, Carlos"]
[Result "1-0"]
[WhiteElo "2571"]
[BlackElo "2084"]
[PlyCount "59"]
[EventDate "2023.07.05"]
[EventType "swiss"]
[EventRounds "10"]
[EventCountry "ESP"]
[SourceTitle "AjedrezenMadrid"]
[Source "lmi"]
[SourceDate "2023.07.05"]
[SourceVersion "1"]
[SourceVersionDate "2023.07.09"]
[SourceQuality "1"]

1. e4 c5 2. Nf3 d6 3. d4 cxd4 4. Nxd4 Nf6 5. Nc3 Nc6 6. Bg5 e6 7. Qd2 a6 8.
O-O-O Bd7 9. f3 Be7 10. h4 h6 11. Be3 h5 12. Nxc6 Bxc6 13. Bg5 Qa5 14. Kb1 Rd8
15. Bd3 b5 16. Rhe1 b4 17. Ne2 Qb6 18. Be3 Qb7 19. Nd4 Bd7 20. Bg5 a5 21. f4
Qb6 22. Bc4 Rc8 23. b3 Rc5 24. Qe2 d5 25. Bxf6 Bxf6 26. exd5 O-O 27. dxe6 fxe6
28. Bxe6+ Bxe6 29. Qxe6+ Qxe6 30. Nxe6 1-0

[Event "42. Open Villa de Benasque 2023"]
[Site "Benasque ESP"]
[Date "2023.07.07"]
[Round "3.1"]
[White "Martirosyan, Haik M."]
[Black "Labiano Hernández, Juan"]
[Result "1/2-1/2"]
[WhiteElo "2685"]
[BlackElo "2299"]
[PlyCount "172"]
[EventDate "2023.07.05"]
[EventType "swiss"]
[EventRounds "10"]
[EventCountry "ESP"]
[SourceTitle "AjedrezenMadrid"]
[Source "lmi"]
[SourceDate "2023.07.05"]
[SourceVersion "1"]
[SourceVersionDate "2023.07.09"]
[SourceQuality "1"]

1. d4 d5 2. c4 e6 3. Nf3 Nf6 4. Nc3 Bb4 5. Qa4+ Nc6 6. e3 O-O 7. Bd2 Re8 8. Qc2
e5 9. dxe5 Nxe5 10. cxd5 Nxf3+ 11. gxf3 Bxc3 12. Bxc3 Qxd5 13. Rg1 Bf5 14. Qb3
Bg6 15. Qxd5 Nxd5 16. Bd2 Nf4 17. Rc1 c6 18. Kd1 Ne6 19. f4 Bh5+ 20. Kc2 Bg6+
21. Bd3 Bxd3+ 22. Kxd3 Rad8+ 23. Kc2 f5 24. Bc3 Kf7 25. Rg3 g6 26. Rcg1 Nc5 27.
Rh3 h5 28. Rhg3 Re6 29. f3 Rd5 30. Bd4 a5 31. h4 Nd7 32. Bc3 Nf8 33. Re1 a4 34.
e4 Rc5 35. Kd3 Nd7 36. Reg1 Rb5 37. Kc2 Rc5 38. a3 Rb5 39. Rd1 Nf6 40. Bxf6
Kxf6 41. e5+ Ke7 42. Rg2 Rc5+ 43. Kd3 Rd5+ 44. Ke2 Rxd1 45. Kxd1 c5 46. Kc2 Rb6
47. Rd2 Rb3 48. Rd3 Rxd3 49. Kxd3 b5 50. Kc3 Ke6 51. Kc2 Kd7 52. b3 axb3+ 53.
Kxb3 Kc7 54. a4 bxa4+ 55. Kxa4 Kb6 56. Kb3 Kb7 57. Kc3 Kc7 58. Kb2 Kb8 59. Ka2
Kc8 60. Ka3 Kc7 61. Ka4 Kb6 62. Kb3 Kb7 63. Kc2 Kc8 64. Kd2 Kd8 65. Ke2 Ke8 66.
Ke3 Ke7 67. Kd2 Kd8 68. Kc2 Kc8 69. Kb3 Kb7 70. Kc4 Kc6 71. e6 Kd6 72. e7 Kxe7
73. Kxc5 Kd7 74. Kd5 Ke7 75. Ke5 Kf7 76. Kd6 Kf6 77. Kd7 Kf7 78. Kd8 Kf8 79.
Kd7 Kf7 80. Kd6 Kf6 81. Kc5 Ke7 82. Kc4 Ke6 83. Kc5 Ke7 84. Kd5 Kd7 85. Ke5 Ke7
86. Kd5 Kd7 1/2-1/2

[Event "42. Open Villa de Benasque 2023"]
[Site "Benasque ESP"]
[Date "2023.07.07"]
[Round "3.2"]
[White "Cervantes Landeiro, Thalia"]
[Black "Bu, Xiangzhi"]
[Result "0-1"]
[WhiteElo "2291"]
[BlackElo "2676"]
[PlyCount "78"]
[EventDate "2023.07.05"]
[EventType "swiss"]
[EventRounds "10"]
[EventCountry "ESP"]
[SourceTitle "AjedrezenMadrid"]
[Source "lmi"]
[SourceDate "2023.07.05"]
[SourceVersion "1"]
[SourceVersionDate "2023.07.09"]
[SourceQuality "1"]

1. d4 Nf6 2. c4 e6 3. Nf3 d5 4. Nc3 c6 5. cxd5 exd5 6. Qc2 Nbd7 7. Bf4 Nh5 8.
Bg5 Be7 9. Bxe7 Qxe7 10. g4 Nhf6 11. h3 Ne4 12. Nxe4 dxe4 13. Nd2 e3 14. fxe3
O-O 15. O-O-O Qxe3 16. Qc3 Re8 17. Qxe3 Rxe3 18. Nc4 Re7 19. e4 Rxe4 20. Bd3
Re8 21. Rde1 Rd8 22. Rhf1 Nf8 23. Re7 Be6 24. Ne5 Rxd4 25. Bf5 Bxa2 26. Rxb7
Bd5 27. g5 Re8 28. Ng4 a5 29. h4 Ne6 30. Bxe6 Bxe6 31. Ne5 Rxh4 32. Rc7 Bd5 33.
Kb1 Rh2 34. Nxc6 Bxc6 35. Rxc6 Rb8 36. Ka1 Rhxb2 37. Ra6 R2b5 38. Ra7 Rxg5 39.
Rfxf7 Rg4 0-1

[Event "42. Open Villa de Benasque 2023"]
[Site "Benasque ESP"]
[Date "2023.07.07"]
[Round "3.3"]
[White "Nie, Xinyang"]
[Black "Sadhwani, Raunak"]
[Result "1/2-1/2"]
[WhiteElo "2288"]
[BlackElo "2608"]
[PlyCount "45"]
[EventDate "2023.07.05"]
[EventType "swiss"]
[EventRounds "10"]
[EventCountry "ESP"]
[SourceTitle "AjedrezenMadrid"]
[Source "lmi"]
[SourceDate "2023.07.05"]
[SourceVersion "1"]
[SourceVersionDate "2023.07.09"]
[SourceQuality "1"]

1. d4 Nf6 2. Nf3 e6 3. c4 b6 4. g3 Bb7 5. Bg2 Be7 6. O-O O-O 7. Nc3 Ne4 8. Qc2
Nxc3 9. Qxc3 c5 10. Qd3 f5 11. d5 Na6 12. dxe6 dxe6 13. Qxd8 Rfxd8 14. Bg5 Bxf3
15. Bxe7 Bxg2 16. Kxg2 Rd2 17. Rad1 Rxb2 18. Rd7 Rxe2 19. Rfd1 Re4 20. R1d6 Nb4
21. Rb7 Rxc4 22. Rdd7 h6 23. Bg5 1/2-1/2